|
|
|
|
| LEADER |
00808nam a22001817a 4500 |
| 008 |
211004b |||||||| |||| 00| 0 eng d |
| 082 |
|
|
|a 338.9
|
| 100 |
|
|
|a Sulochana R.
|
| 245 |
|
|
|a Utilization of human resource for the economic development of Kerala :
|b a post reform study /
|c Sulochana R.
|
| 260 |
|
|
|c Kannur University ,
|
| 300 |
|
|
|a 218p;
|
| 502 |
|
|
|a Thesis (Ph. D.)--Department of Economics ,University of Kannur, 2014.
|
| 504 |
|
|
|a Includes bibliographical references (p. 207-218) and abstract.
|
| 653 |
|
|
|a Developmental Economics.
|a Utilization of human Resource.
|
| 796 |
|
|
|c Dr.K.V.Pavithran.
|e Thesis advisor.
|
| 942 |
|
|
|c TH
|
| 999 |
|
|
|c 361912
|d 361912
|
| 952 |
|
|
|0 0
|1 0
|4 0
|6 338_900000000000000_SUL_U
|7 1
|9 421055
|a ECN
|b ECN
|c REF
|d 2021-10-04
|e Gift by Teachers
|i ECNGT192
|o 338.9 SUL/U
|p ECNGT192
|r 2021-10-04
|y TH
|